[Event "Warsaw Najdorf Memorial op-A 22nd"]
[Site "Warsaw"]
[Date "2025.07.16"]
[Round "9"]
[White "Krawczyk, Flawian"]
[Black "Heberla, Bartlomiej"]
[Result "0-1"]
[WhiteElo "2264"]
[BlackElo "2517"]
[PlyCount "84"]
[EventDate "2025.07.08"]
[EventType "swiss"]
[EventRounds "9"]
[EventCountry "POL"]
[SourceTitle "CB29_2025"]
[SourceDate "2025.07.16"]
[SourceVersion "1"]
[SourceVersionDate "2025.07.16"]
[SourceQuality "1"]

1. e4 e6 2. d4 d5 3. e5 c5 4. c3 Nc6 5. Nf3 Bd7 6. Be2 f6 7. 0-0 fxe5 8. dxe5 Nh6 9. c4 d4 10. Re1 Nf7 11. Bd3 g5 12. h3 Be7 13. Na3 a6 14. Nc2 Qc7 15. Qe2 0-0-0 16. b4 cxb4 17. Ncxd4 Nfxe5 18. Nxe5 Nxd4 19. Qh5 Bf6 20. Nxd7 Rxd7 21. Rb1 Nc6 22. Rxe6 Bd4 23. Be3 Kb8 24. Qxg5 Bxe3 25. Qxe3 Rhd8 26. Bf1 Rd2 27. a3 a5 28. axb4 axb4 29. Ra1 Rd1 30. Rxd1 Rxd1 31. f4 Nd4 32. Re8+ Ka7 33. f5 Qxc4 34. Qf2 b3 35. f6 b2 36. Re1 b1Q 37. Rxd1 Qxd1 38. f7 Qcxf1+ 39. Qxf1 Qxf1+ 40. Kxf1 Ne6 41. g4 Kb8 42. g5 Kc7 0-1

[Event "Warsaw Najdorf Memorial op-A 22nd"]
[Site "Warsaw"]
[Date "2025.07.10"]
[Round "3"]
[White "Heberla, Bartlomiej"]
[Black "Tytynnik, Artem"]
[Result "1-0"]
[WhiteElo "2517"]
[BlackElo "2221"]
[PlyCount "65"]
[EventDate "2025.07.08"]
[EventType "swiss"]
[EventRounds "9"]
[EventCountry "POL"]
[SourceTitle "CB29_2025"]
[SourceDate "2025.07.16"]
[SourceVersion "1"]
[SourceVersionDate "2025.07.16"]
[SourceQuality "1"]

1. d4 Nf6 2. c4 e6 3. Nc3 Bb4 4. e3 0-0 5. Bd2 d5 6. Nf3 Nbd7 7. Qc2 c6 8. Be2 b6 9. 0-0 Bb7 10. Nxd5 Nxd5 11. cxd5 Bxd2 12. dxc6 Bxc6 13. Qxc6 Bb4 14. Rac1 Qe7 15. Rfd1 Bd6 16. e4 Bf4 17. Rc2 Nf6 18. g3 Bh6 19. d5 exd5 20. exd5 Rad8 21. d6 Qe6 22. Bc4 Qf5 23. Bd3 Qe6 24. Bc4 Qf5 25. Bd3 Qe6 26. Re2 Qxa2 27. Bc4 Qa5 28. Ne5 b5 29. Qxb5 Qxb5 30. Bxb5 g6 31. Nc6 Ra8 32. d7 a6 33. Bc4 1-0

[Event "Warsaw Najdorf Memorial op-A 22nd"]
[Site "Warsaw"]
[Date "2025.07.09"]
[Round "2"]
[White "Klepek, Witold"]
[Black "Heberla, Bartlomiej"]
[Result "1/2-1/2"]
[WhiteElo "2221"]
[BlackElo "2517"]
[PlyCount "183"]
[EventDate "2025.07.08"]
[EventType "swiss"]
[EventRounds "9"]
[EventCountry "POL"]
[SourceTitle "CB29_2025"]
[SourceDate "2025.07.16"]
[SourceVersion "1"]
[SourceVersionDate "2025.07.16"]
[SourceQuality "1"]

1. e4 c5 2. Nf3 e6 3. d4 cxd4 4. Nxd4 Nf6 5. Nc3 d6 6. g4 h6 7. Rg1 Be7 8. Be3 Nc6 9. Qe2 Nxd4 10. Bxd4 e5 11. Be3 Be6 12. 0-0-0 Rc8 13. Qb5+ Kf8 14. f3 Rxc3 15. bxc3 Qc8 16. h4 g6 17. c4 Nd7 18. f4 exf4 19. Bxf4 Qc7 20. g5 hxg5 21. hxg5 Rh4 22. Bg3 Rxe4 23. Rh1 a6 24. Qb2 Ne5 25. Kb1 Bxg5 26. Bg2 Rxc4 27. Rh8+ Ke7 28. Bxe5 dxe5 29. Bd5 Qd6 30. Qxb7+ Rc7 31. Qb8 Bxd5 32. Rxd5 Qxd5 33. Qxc7+ Kf6 34. Qd8+ Qxd8 35. Rxd8 Be3 36. Rd3 Bc5 37. Rc3 Bd4 38. Rc6+ Kf5 39. c3 Bg1 40. Kc2 g5 41. Kd3 g4 42. Ke2 g3 43. Rxa6 e4 44. Kf1 e3 45. Ra8 Bf2 46. Rf8 Ke4 47. Rxf7 Kd3 48. Rd7+ Kxc3 49. a4 Kb4 50. Rd4+ Ka5 51. Rg4 Ka6 52. Rg5 Kb6 53. Rb5+ Ka6 54. Re5 Kb6 55. Rb5+ Ka6 56. Rg5 Kb6 57. Re5 Ka6 58. a5 g2+ 59. Kxg2 Be1 60. Kf3 Bxa5 61. Kxe3 Bc7 62. Re7 Kb6 63. Kd4 Kc6 64. Re6+ Kb7 65. Kc5 Bg3 66. Rb6+ Ka8 67. Rb2 Bf4 68. Kc6 Ka7 69. Rb4 Bg3 70. Rb1 Bf4 71. Ra1+ Kb8 72. Ra4 Bg3 73. Re4 Ka7 74. Re7+ Ka8 75. Rg7 Bf4 76. Kb6 Be3+ 77. Kc7 Bf4+ 78. Kc6 Kb8 79. Rf7 Bg3 80. Kb6 Ka8 81. Rf3 Bh2 82. Rf1 Bg3 83. Rf5 Bh2 84. Rg5 Bf4 85. Rg4 Be3+ 86. Kc7 Bf2 87. Rg8+ Ka7 88. Rg2 Bb6+ 89. Kc6 Be3 90. Rg8 Bf4 91. Rf8 Bg3 92. Rf3 1/2-1/2

[Event "Warsaw Najdorf Memorial op-A 22nd"]
[Site "Warsaw"]
[Date "2025.07.08"]
[Round "1"]
[White "Heberla, Bartlomiej"]
[Black "Borischik, Sergey"]
[Result "1-0"]
[WhiteElo "2517"]
[BlackElo "2128"]
[PlyCount "45"]
[EventDate "2025.07.08"]
[EventType "swiss"]
[EventRounds "9"]
[EventCountry "POL"]
[SourceTitle "CB29_2025"]
[SourceDate "2025.07.16"]
[SourceVersion "1"]
[SourceVersionDate "2025.07.16"]
[SourceQuality "1"]

1. e4 c5 2. Nf3 e6 3. c3 Nf6 4. Bd3 Nc6 5. Bc2 Qc7 6. 0-0 d5 7. exd5 Nxd5 8. d4 cxd4 9. cxd4 Bd7 10. Nc3 Ncb4 11. Bb3 Nxc3 12. bxc3 Qxc3 13. Bd2 Qd3 14. Ne5 Qxd4 15. Nxf7 Kxf7 16. Qh5+ Kg8 17. Rad1 Nd5 18. Bc3 Qb6 19. Rxd5 Be8 20. Qf3 Qc6 21. Rf5 Bd7 22. Qxc6 bxc6 23. Rd1 1-0

[Event "Warsaw Maciei Memorial"]
[Site "Warsaw"]
[Date "2025.07.07"]
[Round "1"]
[White "Mizzi, Jack"]
[Black "Heberla, Bartlomiej"]
[Result "0-1"]
[WhiteElo "2106"]
[BlackElo "2517"]
[PlyCount "136"]
[EventDate "2025.07.07"]
[EventType "swiss (blitz)"]
[EventRounds "11"]
[EventCountry "POL"]
[SourceTitle "CB28_2025"]
[SourceDate "2025.07.09"]
[SourceVersion "1"]
[SourceVersionDate "2025.07.09"]
[SourceQuality "1"]

1. d4 Nf6 2. c4 e6 3. Nf3 b6 4. g3 Bb7 5. Bg2 Bb4+ 6. Bd2 Be7 7. 0-0 0-0 8. Nc3 c6 9. Qc2 d5 10. b3 a5 11. Rac1 Na6 12. Rfd1 Rc8 13. Re1 b5 14. c5 b4 15. Na4 Nd7 16. e4 dxe4 17. Qxe4 Nc7 18. h4 Nd5 19. Bg5 N7f6 20. Qb1 h6 21. Bxf6 Bxf6 22. Ne5 Ba6 23. Bxd5 exd5 24. Qf5 Rc7 25. Nb6 Bc8 26. Qf3 Be6 27. Qd3 Re8 28. Qa6 Bxe5 29. Rxe5 Bh3 30. Qxa5 Rce7 31. Rce1 Rxe5 32. dxe5 d4 33. Qxb4 d3 34. Qe4 d2 35. Rd1 g6 36. Qe3 Qc7 37. Qxd2 Qxe5 38. Kh2 Bg4 39. Nc4 Qxc5 40. Re1 Ra8 41. a4 Be6 42. Ne3 Bxb3 43. Ng4 h5 44. Nf6+ Kg7 45. Nd7 Qf5 46. Qc3+ Kh6 47. Qd2+ Kh7 48. Re5 Qf3 49. Re3 Qd1 50. Qxd1 Bxd1 51. Nb6 Ra6 52. Nd7 Rxa4 53. Re7 Bb3 54. Ne5 Bd5 55. Nxf7 Ra1 56. Ng5+ Kg8 57. f3 Kf8 58. Rc7 Ra2+ 59. Kg1 Ke8 60. Kf1 Kd8 61. Rg7 c5 62. Rxg6 c4 63. Rd6+ Ke7 64. Rxd5 c3 65. Rd1 Rb2 66. Ne4 c2 67. Re1 Rb1 68. Nd2+ Rxe1+ 0-1

[Event "Katowice rapid op"]
[Site "Katowice"]
[Date "2025.05.31"]
[Round "6"]
[White "Heberla, Bartlomiej"]
[Black "Golis, Wiktor"]
[Result "1-0"]
[WhiteElo "2462"]
[BlackElo "2200"]
[PlyCount "63"]
[EventDate "2025.05.31"]
[EventType "swiss"]
[EventRounds "11"]
[EventCountry "POL"]
[SourceTitle "CB24_2025"]
[SourceDate "2025.06.11"]
[SourceVersion "1"]
[SourceVersionDate "2025.06.11"]
[SourceQuality "1"]

1. d4 d5 2. c4 e6 3. Nc3 Nf6 4. cxd5 exd5 5. Bg5 c6 6. e3 Bd6 7. Bd3 0-0 8. Nge2 Re8 9. Qc2 h6 10. Bh4 a5 11. h3 Na6 12. a3 Nc7 13. 0-0 Ne6 14. Rad1 Bd7 15. e4 dxe4 16. Nxe4 Be7 17. Bxf6 Bxf6 18. Nd6 Re7 19. Bc4 Qb6 20. Ne4 Bg5 21. f4 Bh4 22. f5 Ng5 23. Nd6 Qc7 24. f6 Rxe2 25. Qg6 Rxg2+ 26. Kxg2 Bxh3+ 27. Kh1 Ne6 28. Bxe6 fxe6 29. f7+ Kf8 30. Ne8 Qd7 31. Qxg7+ Ke7 32. f8Q+ 1-0

[Event "POL-ch 82nd"]
[Site "Krakow"]
[Date "2025.05.07"]
[Round "2"]
[White "Luczak, Filip"]
[Black "Heberla, Bartlomiej"]
[Result "1/2-1/2"]
[WhiteElo "2330"]
[BlackElo "2525"]
[PlyCount "176"]
[EventDate "2025.05.06"]
[EventType "tourn"]
[EventRounds "9"]
[EventCountry "POL"]
[EventCategory "12"]
[SourceTitle "CB21_2025"]
[SourceDate "2025.05.21"]
[SourceVersion "1"]
[SourceVersionDate "2025.05.21"]
[SourceQuality "1"]

1. d4 d5 2. Nc3 Nf6 3. Bf4 a6 4. e3 h6 5. Bd3 c5 6. dxc5 Nc6 7. e4 e5 8. exd5 Nxd5 9. Nxd5 Qxd5 10. Qe2 Be7 11. Bg3 Qxc5 12. Nf3 Bg4 13. 0-0 f5 14. h3 Bxf3 15. Qxf3 0-0 16. b4 Qd6 17. Rfe1 Qe6 18. Qe2 Qf6 19. b5 axb5 20. Bxb5 f4 21. Bh2 Nd4 22. Bc4+ Kh8 23. Qe4 Bb4 24. Bd3 g6 25. Red1 Bc3 26. Rab1 b6 27. Kh1 Nf5 28. g4 Ne7 29. Qf3 Bd4 30. c3 Bc5 31. Rb2 Rad8 32. Re1 Rd6 33. Rbe2 Rfd8 34. Bb5 Rd2 35. Bg1 Rxe2 36. Qxe2 f3 37. Qe4 Rd2 38. Bh2 Kh7 39. Bxe5 Qh4 40. Qxf3 Rxf2 41. Qg3 Qxg3 42. Bxg3 Rf3 43. Be5 h5 44. Kg2 Rf2+ 45. Kg3 h4+ 46. Kxh4 Rg2 47. Bd4 Kh6 48. g5+ Kh7 49. Bd3 Ba3 50. Be4 Rxa2 51. Kg4 Bc5 52. Bxc5 bxc5 53. Bb1 Ra4+ 54. Re4 Ra7 55. Re5 Rc7 56. Be4 Kg7 57. Re6 Kf7 58. Rf6+ Kg7 59. Kf4 Ra7 60. Re6 Kf7 61. Re5 Ra5 62. Ke3 Ra2 63. Kf3 c4 64. Rc5 Rh2 65. Kg3 Re2 66. Rxc4 Ke6 67. Kf3 Rh2 68. Kg4 Re2 69. Bf3 Rc2 70. Re4+ Kd6 71. Rd4+ Ke5 72. Re4+ Kd6 73. Rc4 Ke5 74. h4 Rc1 75. Re4+ Kd6 76. c4 Rc3 77. Kg3 Nf5+ 78. Kf2 Rc2+ 79. Be2 Rc3 80. h5 gxh5 81. g6 Ng7 82. Bf3 Rc2+ 83. Kg3 Rc1 84. Kh2 Rc2+ 85. Kg3 Rc1 86. Kf2 Rc2+ 87. Kf1 Rc1+ 88. Kf2 Rc2+ 1/2-1/2

[Event "San Vicente op 9th"]
[Site "San Vicente"]
[Date "2025.04.20"]
[Round "7"]
[White "Gormally, Daniel"]
[Black "Heberla, Bartlomiej"]
[Result "1/2-1/2"]
[WhiteElo "2428"]
[BlackElo "2523"]
[PlyCount "32"]
[EventDate "2025.04.16"]
[EventType "swiss"]
[EventRounds "9"]
[EventCountry "ESP"]
[SourceTitle "CB17_2025"]
[SourceDate "2025.04.23"]
[SourceVersion "1"]
[SourceVersionDate "2025.04.23"]
[SourceQuality "1"]

1. d4 Nf6 2. c4 g6 3. Nc3 Bg7 4. e4 0-0 5. Nf3 d6 6. Be2 Nbd7 7. 0-0 e5 8. Be3 c6 9. Qc2 Ng4 10. Bg5 f6 11. Bh4 g5 12. Bg3 Nh6 13. dxe5 fxe5 14. Rfd1 Nf7 15. b4 Qe7 16. c5 dxc5 1/2-1/2

[Event "EU-ch 25th"]
[Site "Eforie Nord"]
[Date "2025.03.19"]
[Round "5"]
[White "Heberla, Bartlomiej"]
[Black "Kozak, Adam"]
[Result "1/2-1/2"]
[WhiteElo "2512"]
[BlackElo "2601"]
[PlyCount "44"]
[EventDate "2025.03.15"]
[EventType "swiss"]
[EventRounds "11"]
[EventCountry "ROU"]
[SourceTitle "CB13_2025"]
[SourceDate "2025.03.26"]
[SourceVersion "1"]
[SourceVersionDate "2025.03.26"]
[SourceQuality "1"]

1. d4 Nf6 2. c4 e6 3. Nc3 Bb4 4. e3 0-0 5. Bd2 d5 6. Nf3 Re8 7. Qc2 a6 8. c5 Nc6 9. a3 Bxc3 10. Bxc3 Ne4 11. Bd3 Nxc3 12. Qxc3 Qe7 13. 0-0-0 Bd7 14. e4 Reb8 15. Rde1 Qf6 16. Bc2 b6 17. exd5 exd5 18. Ne5 Nxe5 19. Rxe5 Qxf2 20. c6 Be6 21. Qd3 g6 22. Rf1 Qh4 1/2-1/2

[Event "Rilton Cup 52nd"]
[Site "Stockholm"]
[Date "2024.12.27"]
[Round "1"]
[White "Rakshitta, Ravi"]
[Black "Heberla, Bartlomiej"]
[Result "1/2-1/2"]
[WhiteElo "2287"]
[BlackElo "2503"]
[PlyCount "72"]
[EventDate "2024.12.27"]
[EventType "swiss"]
[EventRounds "9"]
[EventCountry "SWE"]
[SourceTitle "CB02_2025"]
[SourceDate "2025.01.08"]
[SourceVersion "1"]
[SourceVersionDate "2025.01.08"]
[SourceQuality "1"]

1. e4 e5 2. Nf3 Nc6 3. Nc3 Nf6 4. d4 exd4 5. Nxd4 Bb4 6. Nxc6 bxc6 7. Bd3 0-0 8. 0-0 Re8 9. Qf3 Rb8 10. h3 h6 11. Bf4 d6 12. Rad1 Qe7 13. Rfe1 Nd7 14. Qg3 Qf6 15. Bc4 Ne5 16. Bb3 Bxc3 17. bxc3 Ng6 18. Bd2 Ba6 19. f4 Re7 20. e5 dxe5 21. fxe5 Rxe5 22. Rxe5 Nxe5 23. Bxh6 Re8 24. Bf4 Nc4 25. Bxc7 Qf5 26. Rd4 Re4 27. Qf2 Qe6 28. Rxe4 Qxe4 29. Kh2 c5 30. Bg3 Bb7 31. Bxc4 Qxc4 32. Qd2 Bd5 33. Qg5 f6 34. Qe3 Bc6 35. a3 Qd5 36. Qf3 Qxf3 1/2-1/2

[Event "Warsaw Independence Rapid op"]
[Site "Warsaw"]
[Date "2024.11.11"]
[Round "3"]
[White "Heberla, Bartlomiej"]
[Black "Mickiewicz, Piotr"]
[Result "1-0"]
[WhiteElo "2495"]
[BlackElo "2224"]
[PlyCount "44"]
[EventDate "2024.11.11"]
[EventType "swiss (rapid)"]
[EventRounds "9"]
[EventCountry "POL"]
[SourceTitle "CB47_2024"]
[SourceDate "2024.11.20"]
[SourceVersion "1"]
[SourceVersionDate "2024.11.20"]
[SourceQuality "1"]

1. Nf3 Nf6 2. c4 e6 3. Nc3 d5 4. e3 b6 5. cxd5 exd5 6. g3 Bd6 7. Bg2 0-0 8. 0-0 a6 9. b3 Re8 10. Bb2 b5 11. Ne2 c5 12. d3 Bb7 13. Rc1 Nbd7 14. Rc2 a5 15. Qd2 a4 16. Rfc1 axb3 17. axb3 b4 18. Qd1 Ba6 19. Nf4 Qb6 20. Nh4 g5 21. Nxd5 Nxd5 22. Bxd5 gxh4 1-0

[Event "Warsaw Independence Rapid op"]
[Site "Warsaw"]
[Date "2024.11.11"]
[Round "4"]
[White "Radzimski, Antoni"]
[Black "Heberla, Bartlomiej"]
[Result "1-0"]
[WhiteElo "2188"]
[BlackElo "2495"]
[PlyCount "115"]
[EventDate "2024.11.11"]
[EventType "swiss (rapid)"]
[EventRounds "9"]
[EventCountry "POL"]
[SourceTitle "CB47_2024"]
[SourceDate "2024.11.20"]
[SourceVersion "1"]
[SourceVersionDate "2024.11.20"]
[SourceQuality "1"]

1. d4 Nf6 2. c4 b6 3. Nc3 Bb7 4. Qc2 Nc6 5. Nf3 Nb4 6. Qb3 Bxf3 7. Qxb4 Bb7 8. Qb3 e6 9. f3 d5 10. cxd5 exd5 11. Bg5 Be7 12. e3 Nh5 13. Bxe7 Qxe7 14. Kf2 Nf6 15. Bd3 0-0 16. Qc2 c5 17. Qd2 Qd6 18. Ne2 c4 19. Bc2 b5 20. Ng3 g6 21. h4 h5 22. Ne2 Rfe8 23. Nf4 Re7 24. Rh3 Rae8 25. Re1 Kg7 26. Rg3 Rxe3 27. Nxg6 Ng4+ 28. Rxg4 hxg4 29. Rxe3 g3+ 30. Kf1 Rxe3 31. Qxe3 fxg6 32. h5 gxh5 33. Qg5+ Kf8 34. Qxh5 Qf6 35. Qg4 Qh6 36. Qf5+ Ke7 37. Ke2 Bc6 38. Qe5+ Qe6 39. f4 b4 40. Kf3 a5 41. Kxg3 a4 42. Kf3 b3 43. axb3 cxb3 44. Bb1 Kf7 45. g4 Qh6 46. Qh5+ Qxh5 47. gxh5 Kf6 48. h6 Be8 49. Kg4 Bd7+ 50. f5 a3 51. bxa3 b2 52. Kf4 Bb5 53. h7 Kg7 54. Ke5 Kxh7 55. Kf6 Be2 56. Ke7 Bf3 57. f6+ Be4 58. Ba2 1-0

[Event "Bayern-chI Bank Hofmann 27th"]
[Site "Gmund am Tegernsee"]
[Date "2024.11.01"]
[Round "7"]
[White "Heberla, Bartlomiej"]
[Black "Toktomushev, Teimur"]
[Result "1-0"]
[WhiteElo "2501"]
[BlackElo "2246"]
[PlyCount "59"]
[EventDate "2024.10.26"]
[EventType "swiss"]
[EventRounds "9"]
[EventCountry "GER"]
[SourceTitle "CB45_2024"]
[Source "ChessBase"]
[SourceDate "2024.11.06"]
[SourceVersion "1"]
[SourceVersionDate "2024.11.06"]
[SourceQuality "1"]

1. e4 c5 2. Nf3 e6 3. c3 d5 4. exd5 Qxd5 5. d4 Nf6 6. Na3 Nc6 7. Be3 cxd4 8. Nb5 Qd8 9. Nbxd4 Nd5 10. Nxc6 bxc6 11. Bd2 Bb7 12. Qc2 Qc7 13. c4 Nf6 14. c5 Nd7 15. 0-0-0 Bxc5 16. Bc3 0-0-0 17. Bxg7 Rhg8 18. Bh6 Bd6 19. Kb1 c5 20. Be3 Nf6 21. Rc1 Rxg2 22. Bxg2 Be4 23. Qxe4 Nxe4 24. Nd4 Qb7 25. Ka1 Kb8 26. Nb3 Qb4 27. Rhd1 Bc7 28. Bxc5 Qa4 29. Rxd8+ Bxd8 30. Bxe4 1-0

[Event "Bayern-chI Bank Hofmann 27th"]
[Site "Gmund am Tegernsee"]
[Date "2024.10.29"]
[Round "4"]
[White "Giemsa, Stephan"]
[Black "Heberla, Bartlomiej"]
[Result "0-1"]
[WhiteElo "2275"]
[BlackElo "2501"]
[PlyCount "106"]
[EventDate "2024.10.26"]
[EventType "swiss"]
[EventRounds "9"]
[EventCountry "GER"]
[SourceTitle "CB45_2024"]
[Source "ChessBase"]
[SourceDate "2024.11.06"]
[SourceVersion "1"]
[SourceVersionDate "2024.11.06"]
[SourceQuality "1"]

1. d4 Nf6 2. c4 b6 3. Nc3 Bb7 4. a3 e6 5. Nf3 Bxf3 6. gxf3 g6 7. e4 d6 8. f4 Nbd7 9. e5 Nh5 10. Bg2 Bh6 11. Bxa8 Qxa8 12. d5 Bxf4 13. exd6 cxd6 14. 0-0 e5 15. Bxf4 Nxf4 16. Ne2 Nxe2+ 17. Qxe2 0-0 18. b4 Qd8 19. f3 f5 20. a4 a5 21. bxa5 bxa5 22. Rfb1 Qh4 23. Kh1 e4 24. Rf1 Ne5 25. f4 Nd3 26. Qe3 Rc8 27. Rab1 Nb4 28. Rfc1 Rc5 29. Qg3 Qf6 30. Qe3 Qh4 31. Qg3 Qxg3 32. hxg3 h6 33. Kg2 Kg7 34. Kf1 g5 35. Ke2 Kg6 36. Ke3 Kh5 37. Rh1+ Kg4 38. Rxh6 Rxc4 39. fxg5 Nxd5+ 40. Kd2 Kxg5 41. Rxd6 Nb4 42. Rf1 Rc2+ 43. Kd1 Ra2 44. Rd8 Nc2 45. Kd2 Nb4+ 46. Kd1 Nd3 47. Rd5 Nf2+ 48. Ke1 e3 49. Rd4 Rb2 50. Rd5 Kg4 51. Rxf2 Rxf2 52. Rxa5 Kxg3 53. Ra8 Ra2 0-1